| 000 | 00569nam a2200145 a 4500 | ||
|---|---|---|---|
| 001 | 000032327 | ||
| 005 | 20200930065601.0 | ||
| 008 | 110714s1920 dr 000 0 spa d | ||
| 040 |
_aDO-SdBNP _bspa _cBNPHU |
||
| 110 | 1 |
_aRepública Dominicana _bFomento y Comunicanciones _958338 |
|
| 245 | 1 | 0 | _aMemoria que al jefe del gobierno militar de la República Dominicana presenta el oficial encargado del departamento de Fomento y Comunicanciones 1918-1919. |
| 260 |
_aSanto Domingo : _bImp.El Progreso Quirico y Sanabia, _c1920. |
||
| 300 |
_a102 p. ; _c27 cm. |
||
| 049 | _aBNPD | ||
| 999 |
_c31818 _d31818 |
||